[Event "Team Championship Russia (Blitz, Men)"]
[Site "Sochi"]
[Date "2018.10.10"]
[Round "8.2"]
[White "Morozevich, Alexander"]
[Black "Maletin, Pavel"]
[Result "1-0"]
[BlackElo "2637"]
[WhiteElo "2677"]
[LiveChessVersion "1.4.8"]

1. e4 {[%clk 0:03:02]} e5 {[%clk 0:03:02]} 2. Nf3 {[%clk 0:03:03]} Nc6
{[%clk 0:03:03]} 3. Bb5 {[%clk 0:03:00]} g6 {[%clk 0:03:04]} 4. c3
{[%clk 0:02:49]} a6 {[%clk 0:03:04]} 5. Ba4 {[%clk 0:02:49]} d6 {[%clk 0:03:04]}
6. d4 {[%clk 0:02:50]} Bd7 {[%clk 0:03:05]} 7. O-O {[%clk 0:02:45]} Bg7
{[%clk 0:03:06]} 8. h3 {[%clk 0:02:41]} Nf6 {[%clk 0:02:47]} 9. Re1
{[%clk 0:02:42]} O-O {[%clk 0:02:40]} 10. Nbd2 {[%clk 0:02:24]} h6
{[%clk 0:02:15]} 11. Nf1 {[%clk 0:02:17]} Qe7 {[%clk 0:02:08]} 12. Ng3
{[%clk 0:02:16]} b5 {[%clk 0:02:04]} 13. Bc2 {[%clk 0:02:14]} Kh8
{[%clk 0:01:56]} 14. Be3 {[%clk 0:02:02]} Ng8 {[%clk 0:01:55]} 15. a4
{[%clk 0:01:58]} exd4 {[%clk 0:01:37]} 16. cxd4 {[%clk 0:01:59]} Nb4
{[%clk 0:01:38]} 17. Bb1 {[%clk 0:01:55]} bxa4 {[%clk 0:01:38]} 18. Qd2
{[%clk 0:01:48]} a5 {[%clk 0:01:38]} 19. Ne2 {[%clk 0:01:40]} d5 {[%clk 0:01:35]}
20. e5 {[%clk 0:01:38]} Ra6 {[%clk 0:01:15]} 21. Nc3 {[%clk 0:01:36]} Qe8
{[%clk 0:01:13]} 22. Bc2 {[%clk 0:01:15]} Nxc2 {[%clk 0:01:12]} 23. Qxc2
{[%clk 0:01:16]} Ne7 {[%clk 0:01:12]} 24. Nxa4 {[%clk 0:01:06]} Bxa4
{[%clk 0:01:13]} 25. Rxa4 {[%clk 0:01:07]} Nf5 {[%clk 0:01:14]} 26. Bd2
{[%clk 0:01:04]} Qb5 {[%clk 0:01:13]} 27. Rea1 {[%clk 0:01:05]} Rfa8
{[%clk 0:01:00]} 28. Qxc7 {[%clk 0:01:00]} R6a7 {[%clk 0:00:45]} 29. Qc5
{[%clk 0:00:53]} Qxb2 {[%clk 0:00:43]} 30. Qxd5 {[%clk 0:00:51]} Kg8
{[%clk 0:00:22]} 31. Rxa5 {[%clk 0:00:46]} Qxa1+ {[%clk 0:00:23]} 32. Rxa1
{[%clk 0:00:46]} Rxa1+ {[%clk 0:00:24]} 33. Kh2 {[%clk 0:00:48]} R1a2
{[%clk 0:00:25]} 34. g4 {[%clk 0:00:39]} Ne7 {[%clk 0:00:26]} 35. Qd7
{[%clk 0:00:41]} R2a7 {[%clk 0:00:26]} 36. Qb5 {[%clk 0:00:39]} Rd8
{[%clk 0:00:26]} 37. Ba5 {[%clk 0:00:35]} Rda8 {[%clk 0:00:24]} 38. Bb4
{[%clk 0:00:33]} Bf8 {[%clk 0:00:18]} 39. Kg3 {[%clk 0:00:22]} Ra2
{[%clk 0:00:15]} 40. d5 {[%clk 0:00:19]} Rb2 {[%clk 0:00:16]} 41. d6
{[%clk 0:00:16]} Nc8 {[%clk 0:00:11]} 42. Qc6 {[%clk 0:00:14]} Rb8
{[%clk 0:00:08]} 43. Bc5 {[%clk 0:00:15]} Rc2 {[%clk 0:00:08]} 44. Nd4
{[%clk 0:00:13]} Rc3+ {[%clk 0:00:09]} 45. f3 {[%clk 0:00:15]} Na7
{[%clk 0:00:06]} 46. Bxa7 {[%clk 0:00:13]} Rxc6 {[%clk 0:00:07]} 47. Nxc6
{[%clk 0:00:14]} Rb7 {[%clk 0:00:07]} 48. f4 {[%clk 0:00:13]} f6 {[%clk 0:00:08]}
49. Kf3 {[%clk 0:00:12]} fxe5 {[%clk 0:00:09]} 50. fxe5 {[%clk 0:00:14]} Rd7
{[%clk 0:00:10]} 51. Bc5 {[%clk 0:00:12]} Kf7 {[%clk 0:00:10]} 52. Ke4
{[%clk 0:00:14]} Rb7 {[%clk 0:00:08]} 53. Kd5 {[%clk 0:00:15]} Bg7
{[%clk 0:00:07]} 54. Nd8+ {[%clk 0:00:16]} 1-0

[Event "Team Championship Russia (Blitz, Men)"]
[Site "Sochi"]
[Date "2018.10.10"]
[Round "8.3"]
[White "Khanin, Semen"]
[Black "Savchenko, Boris"]
[Result "1-0"]
[BlackElo "2657"]
[WhiteElo "2545"]
[LiveChessVersion "1.4.8"]

1. e4 {[%clk 0:03:03]} e6 {[%clk 0:03:03]} 2. d4 {[%clk 0:03:04]} d5
{[%clk 0:03:04]} 3. Nc3 {[%clk 0:03:05]} Be7 {[%clk 0:03:04]} 4. Nf3
{[%clk 0:03:01]} Nf6 {[%clk 0:03:02]} 5. Bd3 {[%clk 0:02:58]} c5 {[%clk 0:03:02]}
6. exd5 {[%clk 0:02:39]} Nxd5 {[%clk 0:03:02]} 7. Nxd5 {[%clk 0:02:34]} Qxd5
{[%clk 0:03:03]} 8. dxc5 {[%clk 0:02:23]} O-O {[%clk 0:02:55]} 9. O-O
{[%clk 0:02:23]} Nd7 {[%clk 0:02:49]} 10. c6 {[%clk 0:02:08]} Qxc6
{[%clk 0:02:45]} 11. c3 {[%clk 0:01:49]} e5 {[%clk 0:02:37]} 12. Qe2
{[%clk 0:01:43]} Qc7 {[%clk 0:02:22]} 13. Qe4 {[%clk 0:01:29]} g6
{[%clk 0:02:05]} 14. Bh6 {[%clk 0:01:22]} Rd8 {[%clk 0:02:00]} 15. Qe2
{[%clk 0:01:13]} f6 {[%clk 0:01:47]} 16. Bc4+ {[%clk 0:01:12]} Kh8
{[%clk 0:01:48]} 17. Rad1 {[%clk 0:01:09]} Nb6 {[%clk 0:01:40]} 18. Bb3
{[%clk 0:01:08]} Bf5 {[%clk 0:01:37]} 19. Nh4 {[%clk 0:01:06]} Bd7
{[%clk 0:01:30]} 20. f4 {[%clk 0:00:47]} Qc5+ {[%clk 0:01:23]} 21. Kh1
{[%clk 0:00:48]} Bb5 {[%clk 0:01:23]} 22. Qg4 {[%clk 0:00:33]} Bxf1
{[%clk 0:01:23]} 23. Rxf1 {[%clk 0:00:18]} Bf8 {[%clk 0:01:12]} 24. Nxg6+
{[%clk 0:00:17]} hxg6 {[%clk 0:01:12]} 25. Qh4 {[%clk 0:00:18]} Qe7
{[%clk 0:00:53]} 26. Bxf8+ {[%clk 0:00:17]} Qh7 {[%clk 0:00:54]} 27. Qxf6+
{[%clk 0:00:18]} 1-0

[Event "Team Championship Russia (Blitz, Men)"]
[Site "Sochi"]
[Date "2018.10.10"]
[Round "8.4"]
[White "Indjic, Aleksandar"]
[Black "Kezin, Roman"]
[Result "1-0"]
[BlackElo "2575"]
[WhiteElo "2606"]
[LiveChessVersion "1.4.8"]

1. d4 {[%clk 0:03:01]} d5 {[%clk 0:03:03]} 2. c4 {[%clk 0:03:02]} e6
{[%clk 0:03:04]} 3. Nf3 {[%clk 0:03:02]} Nf6 {[%clk 0:03:05]} 4. Bg5
{[%clk 0:03:03]} dxc4 {[%clk 0:03:05]} 5. Nbd2 {[%clk 0:03:01]} b5
{[%clk 0:02:41]} 6. a4 {[%clk 0:02:59]} c6 {[%clk 0:02:41]} 7. e4
{[%clk 0:02:59]} Qb6 {[%clk 0:02:19]} 8. Be2 {[%clk 0:02:50]} Nbd7
{[%clk 0:02:14]} 9. O-O {[%clk 0:02:50]} a6 {[%clk 0:02:14]} 10. Qc2
{[%clk 0:02:49]} Bb7 {[%clk 0:02:14]} 11. Rfe1 {[%clk 0:02:29]} h6
{[%clk 0:02:00]} 12. Bh4 {[%clk 0:02:28]} Bb4 {[%clk 0:01:44]} 13. e5
{[%clk 0:01:55]} Nd5 {[%clk 0:01:44]} 14. Ne4 {[%clk 0:01:56]} O-O
{[%clk 0:01:07]} 15. Red1 {[%clk 0:01:35]} c5 {[%clk 0:01:00]} 16. Bg3
{[%clk 0:01:04]} cxd4 {[%clk 0:00:58]} 17. Nxd4 {[%clk 0:01:04]} Bc5
{[%clk 0:00:37]} 18. Nf3 {[%clk 0:00:56]} Rad8 {[%clk 0:00:28]} 19. a5
{[%clk 0:00:57]} Qc7 {[%clk 0:00:20]} 20. Neg5 {[%clk 0:00:39]} hxg5
{[%clk 0:00:15]} 21. Nxg5 {[%clk 0:00:40]} g6 {[%clk 0:00:16]} 22. Nxe6
{[%clk 0:00:41]} Qc6 {[%clk 0:00:12]} 23. Nxd8 Rxd8 {[%clk 0:00:12]} 24. Bf3
{[%clk 0:00:39]} Nf8 {[%clk 0:00:13]} 25. Bh4 {[%clk 0:00:35]} Rd7
{[%clk 0:00:13]} 26. Qc1 {[%clk 0:00:33]} Qe6 {[%clk 0:00:11]} 27. Bg3
{[%clk 0:00:30]} Nb4 {[%clk 0:00:11]} 28. Bxb7 Rxb7 {[%clk 0:00:12]} 29. Qh6
{[%clk 0:00:29]} Nd3 {[%clk 0:00:12]} 30. b3 {[%clk 0:00:29]} Bd4
{[%clk 0:00:12]} 31. Rab1 {[%clk 0:00:28]} Bxe5 {[%clk 0:00:10]} 32. bxc4
{[%clk 0:00:29]} Bxg3 {[%clk 0:00:11]} 33. hxg3 {[%clk 0:00:30]} Qxc4
{[%clk 0:00:11]} 34. Qe3 {[%clk 0:00:31]} Rd7 {[%clk 0:00:07]} 35. Rd2
{[%clk 0:00:32]} Ne6 {[%clk 0:00:07]} 36. Rbd1 {[%clk 0:00:33]} Nec5
{[%clk 0:00:05]} 37. Re2 {[%clk 0:00:31]} Kg7 {[%clk 0:00:06]} 38. Qg5
{[%clk 0:00:30]} Qd5 {[%clk 0:00:07]} 39. Qe3 {[%clk 0:00:31]} Qd4
{[%clk 0:00:08]} 40. Qg5 {[%clk 0:00:27]} Qd5 {[%clk 0:00:09]} 41. Qe3
{[%clk 0:00:29]} b4 {[%clk 0:00:10]} 42. g4 {[%clk 0:00:29]} b3 {[%clk 0:00:10]}
43. g5 {[%clk 0:00:31]} Qf5 {[%clk 0:00:07]} 44. Qg3 {[%clk 0:00:30]} b2
{[%clk 0:00:06]} 45. Qh4 {[%clk 0:00:31]} Rd8 {[%clk 0:00:06]} 46. Qh6+
{[%clk 0:00:31]} Kg8 {[%clk 0:00:07]} 47. Rxb2 {[%clk 0:00:32]} Re8
{[%clk 0:00:03]} 48. Rbd2 {[%clk 0:00:31]} Nf4 {[%clk 0:00:04]} 49. Rd8
{[%clk 0:00:27]} Qe4 {[%clk 0:00:05]} 50. Rxe8+ {[%clk 0:00:27]} Qxe8
{[%clk 0:00:06]} 51. Qh4 {[%clk 0:00:25]} Ncd3 {[%clk 0:00:07]} 52. Rb1
{[%clk 0:00:23]} Ne2+ {[%clk 0:00:06]} 53. Kh1 {[%clk 0:00:24]} Qe5
{[%clk 0:00:05]} 54. Rd1 {[%clk 0:00:21]} Qf5 {[%clk 0:00:04]} 55. f3
{[%clk 0:00:22]} Qd7 1-0

[Event "Team Championship Russia (Blitz, Men)"]
[Site "Sochi"]
[Date "2018.10.10"]
[Round "8.5"]
[White "Potapov, Pavel"]
[Black "Zvjaginsev, Vadim"]
[Result "1-0"]
[BlackElo "2669"]
[WhiteElo "2459"]
[LiveChessVersion "1.4.8"]

1. e4 {[%clk 0:03:03]} d6 {[%clk 0:03:04]} 2. d4 {[%clk 0:03:03]} Nf6
{[%clk 0:03:05]} 3. Nc3 {[%clk 0:03:04]} g6 {[%clk 0:03:05]} 4. f4
{[%clk 0:03:03]} Bg7 {[%clk 0:03:05]} 5. Nf3 {[%clk 0:03:04]} O-O
{[%clk 0:03:05]} 6. Be2 {[%clk 0:03:00]} c5 {[%clk 0:03:02]} 7. dxc5
{[%clk 0:02:56]} Qa5 {[%clk 0:02:56]} 8. O-O {[%clk 0:02:24]} Qxc5+
{[%clk 0:02:56]} 9. Kh1 {[%clk 0:02:25]} Bg4 {[%clk 0:02:46]} 10. Qe1
{[%clk 0:02:17]} Nc6 {[%clk 0:02:43]} 11. Bd3 {[%clk 0:02:11]} Nb4
{[%clk 0:02:35]} 12. Be3 {[%clk 0:02:09]} Qh5 {[%clk 0:02:31]} 13. Qg3
{[%clk 0:01:59]} Bxf3 {[%clk 0:02:06]} 14. Rxf3 {[%clk 0:01:51]} a6
{[%clk 0:01:52]} 15. Bd2 {[%clk 0:01:17]} Rac8 {[%clk 0:01:43]} 16. Re1
{[%clk 0:01:14]} Nxd3 {[%clk 0:01:30]} 17. cxd3 {[%clk 0:01:15]} e6
{[%clk 0:01:13]} 18. f5 {[%clk 0:00:54]} exf5 {[%clk 0:01:13]} 19. exf5
{[%clk 0:00:55]} Rfe8 {[%clk 0:01:14]} 20. Ref1 {[%clk 0:00:52]} Ng4
{[%clk 0:00:53]} 21. h3 {[%clk 0:00:44]} Ne5 {[%clk 0:00:51]} 22. R3f2
{[%clk 0:00:42]} f6 {[%clk 0:00:39]} 23. Ne4 {[%clk 0:00:37]} Rcd8
{[%clk 0:00:34]} 24. fxg6 {[%clk 0:00:37]} Qxg6 {[%clk 0:00:35]} 25. Qxg6
{[%clk 0:00:29]} Nxg6 {[%clk 0:00:36]} 26. Nxf6+ {[%clk 0:00:28]} Bxf6
{[%clk 0:00:37]} 27. Rxf6 {[%clk 0:00:29]} Re2 {[%clk 0:00:37]} 28. Ba5
{[%clk 0:00:25]} Rd7 {[%clk 0:00:36]} 29. Bc3 {[%clk 0:00:25]} d5
{[%clk 0:00:28]} 30. Bd4 {[%clk 0:00:26]} Rd2 {[%clk 0:00:28]} 31. R1f3
{[%clk 0:00:23]} Re7 {[%clk 0:00:26]} 32. h4 Re1+ {[%clk 0:00:13]} 33. Kh2
{[%clk 0:00:19]} Rdd1 {[%clk 0:00:14]} 34. h5 {[%clk 0:00:17]} Rh1+
{[%clk 0:00:15]} 35. Kg3 {[%clk 0:00:17]} Rxh5 {[%clk 0:00:16]} 36. Rd6
{[%clk 0:00:16]} Rg5+ {[%clk 0:00:16]} 37. Kf2 {[%clk 0:00:11]} Ne5
{[%clk 0:00:09]} 38. Rd8+ {[%clk 0:00:07]} Kg7 {[%clk 0:00:11]} 39. Re3
{[%clk 0:00:05]} Kf6 {[%clk 0:00:12]} 40. Rxd5 {[%clk 0:00:05]} Rd2+
{[%clk 0:00:12]} 41. Ke1 {[%clk 0:00:06]} Rdxg2 {[%clk 0:00:11]} 42. Rdxe5
{[%clk 0:00:07]} Rxe5 {[%clk 0:00:05]} 43. Rxe5 {[%clk 0:00:08]} Kg6
{[%clk 0:00:07]} 44. Re7 {[%clk 0:00:09]} h5 {[%clk 0:00:06]} 45. Rg7+
{[%clk 0:00:10]} 1-0

[Event "Team Championship Russia (Blitz, Men)"]
[Site "Sochi"]
[Date "2018.10.10"]
[Round "8.6"]
[White "Grachev, Boris"]
[Black "Sergeyev, Alexander"]
[Result "1-0"]
[BlackElo "2277"]
[WhiteElo "2646"]
[LiveChessVersion "1.4.8"]

1. d4 {[%clk 0:03:02]} d5 {[%clk 0:03:03]} 2. Bf4 {[%clk 0:03:03]} c5
{[%clk 0:03:03]} 3. e3 {[%clk 0:03:04]} Nc6 {[%clk 0:03:04]} 4. c3
{[%clk 0:03:05]} e6 {[%clk 0:03:03]} 5. Nf3 {[%clk 0:03:05]} Bd7 {[%clk 0:03:02]}
6. Nbd2 {[%clk 0:03:04]} Nf6 {[%clk 0:03:03]} 7. h3 {[%clk 0:03:04]} Be7
{[%clk 0:03:03]} 8. Bd3 {[%clk 0:03:04]} a6 {[%clk 0:03:01]} 9. O-O
{[%clk 0:03:02]} cxd4 {[%clk 0:03:00]} 10. exd4 {[%clk 0:03:01]} b5
{[%clk 0:03:00]} 11. a3 {[%clk 0:03:01]} Na5 {[%clk 0:02:54]} 12. Ne5
{[%clk 0:02:47]} Nc4 {[%clk 0:02:52]} 13. Rb1 {[%clk 0:02:47]} a5
{[%clk 0:02:46]} 14. Ndf3 {[%clk 0:02:48]} Rc8 {[%clk 0:02:33]} 15. Qe2
{[%clk 0:02:48]} O-O {[%clk 0:02:26]} 16. Rfe1 {[%clk 0:02:45]} Qb6
{[%clk 0:02:14]} 17. Bg5 {[%clk 0:02:25]} Qb7 {[%clk 0:01:44]} 18. Ng4
{[%clk 0:02:15]} b4 {[%clk 0:01:11]} 19. axb4 {[%clk 0:02:16]} axb4
{[%clk 0:01:11]} 20. Nfe5 {[%clk 0:01:36]} Bb5 {[%clk 0:00:42]} 21. Bxf6
{[%clk 0:01:25]} gxf6 {[%clk 0:00:23]} 22. Nh6+ {[%clk 0:01:15]} Kh8
{[%clk 0:00:19]} 23. Nexf7+ {[%clk 0:01:03]} Rxf7 {[%clk 0:00:16]} 24. Nxf7+
{[%clk 0:01:03]} Kg7 {[%clk 0:00:17]} 25. Qh5 {[%clk 0:00:45]} Rh8
{[%clk 0:00:07]} 26. Nxh8 {[%clk 0:00:43]} 1-0

[Event "Team Championship Russia (Blitz, Men)"]
[Site "Sochi"]
[Date "2018.10.10"]
[Round "8.7"]
[White "Belyakov, Bogdan"]
[Black "Kobalia, Mikhail"]
[Result "0-1"]
[BlackElo "2492"]
[WhiteElo "2464"]
[LiveChessVersion "1.4.8"]

1. e4 {[%clk 0:03:03]} e5 {[%clk 0:03:04]} 2. Nf3 Nc6 3. Nc3 {[%clk 0:03:06]} Nf6
{[%clk 0:03:05]} 4. Be2 {[%clk 0:03:07]} Bd6 {[%clk 0:03:00]} 5. d4
{[%clk 0:02:55]} exd4 {[%clk 0:02:58]} 6. Nxd4 {[%clk 0:02:56]} O-O
{[%clk 0:02:56]} 7. Nxc6 {[%clk 0:02:56]} bxc6 {[%clk 0:02:54]} 8. O-O
{[%clk 0:02:55]} Re8 {[%clk 0:02:55]} 9. Bd3 {[%clk 0:02:55]} Be5
{[%clk 0:02:56]} 10. f4 {[%clk 0:02:52]} Bxc3 {[%clk 0:02:53]} 11. bxc3
{[%clk 0:02:53]} Nxe4 {[%clk 0:02:53]} 12. f5 {[%clk 0:02:44]} f6
{[%clk 0:02:43]} 13. Qg4 {[%clk 0:02:34]} d5 {[%clk 0:02:42]} 14. Bh6
{[%clk 0:02:29]} Qd7 {[%clk 0:02:31]} 15. Rae1 {[%clk 0:02:20]} Kh8
{[%clk 0:02:32]} 16. Bxe4 {[%clk 0:02:11]} dxe4 {[%clk 0:02:28]} 17. Be3
{[%clk 0:01:54]} Ba6 {[%clk 0:02:25]} 18. Rf4 {[%clk 0:01:54]} Bc4
{[%clk 0:02:24]} 19. Bd4 {[%clk 0:01:50]} Bxa2 {[%clk 0:02:21]} 20. Re3
{[%clk 0:01:40]} Rab8 {[%clk 0:02:08]} 21. Qh5 {[%clk 0:00:46]} c5
{[%clk 0:01:49]} 22. Bxc5 {[%clk 0:00:34]} Bg8 {[%clk 0:01:38]} 23. Bd4
{[%clk 0:00:33]} Qd6 {[%clk 0:01:34]} 24. Rh4 {[%clk 0:00:24]} c5
{[%clk 0:01:35]} 25. Reh3 {[%clk 0:00:15]} cxd4 {[%clk 0:01:33]} 26. Qg6
{[%clk 0:00:16]} Rb1+ {[%clk 0:01:32]} 27. Kf2 {[%clk 0:00:17]} e3+
{[%clk 0:01:33]} 28. Kf3 {[%clk 0:00:04]} Rf1+ {[%clk 0:01:32]} 29. Ke2
{[%clk 0:00:06]} Bc4# {[%clk 0:01:33]} 0-1

[Event "Team Championship Russia (Blitz, Men)"]
[Site "Sochi"]
[Date "2018.10.10"]
[Round "8.8"]
[White "Malakhov, Vladimir"]
[Black "Savitskiy, Sergey"]
[Result "1-0"]
[BlackElo "2283"]
[WhiteElo "2630"]
[LiveChessVersion "1.4.8"]

1. Nf3 {[%clk 0:03:03]} Nf6 {[%clk 0:03:04]} 2. c4 {[%clk 0:03:04]} g6
{[%clk 0:03:05]} 3. b3 {[%clk 0:03:03]} Bg7 {[%clk 0:03:06]} 4. Bb2
{[%clk 0:03:05]} O-O {[%clk 0:03:06]} 5. g3 {[%clk 0:03:05]} d6 {[%clk 0:03:05]}
6. Bg2 {[%clk 0:03:05]} e5 {[%clk 0:03:02]} 7. O-O {[%clk 0:03:06]} Re8
{[%clk 0:03:00]} 8. d3 {[%clk 0:03:04]} a5 {[%clk 0:02:59]} 9. Nc3
{[%clk 0:03:05]} Nc6 {[%clk 0:02:59]} 10. e3 {[%clk 0:03:00]} Bg4
{[%clk 0:02:13]} 11. h3 {[%clk 0:03:01]} Bd7 12. d4 {[%clk 0:02:45]} exd4
{[%clk 0:02:12]} 13. Nxd4 {[%clk 0:02:31]} Qc8 {[%clk 0:02:13]} 14. Nxc6
{[%clk 0:02:29]} bxc6 {[%clk 0:02:13]} 15. Kh2 {[%clk 0:02:29]} Rb8
{[%clk 0:02:03]} 16. Qd2 {[%clk 0:02:29]} Qa6 {[%clk 0:02:04]} 17. c5
{[%clk 0:01:53]} d5 {[%clk 0:02:03]} 18. Ne2 {[%clk 0:01:53]} a4 {[%clk 0:01:58]}
19. Nd4 {[%clk 0:01:45]} Ne4 {[%clk 0:01:56]} 20. Bxe4 {[%clk 0:01:39]} Rxe4
{[%clk 0:01:57]} 21. Bc3 {[%clk 0:01:23]} axb3 {[%clk 0:01:57]} 22. axb3
{[%clk 0:01:24]} Qc8 {[%clk 0:01:58]} 23. f3 {[%clk 0:01:21]} Re8
{[%clk 0:01:45]} 24. h4 {[%clk 0:01:19]} Qb7 {[%clk 0:01:43]} 25. b4 Ra8 26. Nc2
{[%clk 0:01:14]} f6 {[%clk 0:01:30]} 27. Bd4 {[%clk 0:01:11]} Rxa1
{[%clk 0:01:27]} 28. Rxa1 {[%clk 0:01:12]} Ra8 {[%clk 0:01:28]} 29. Rxa8+
{[%clk 0:01:12]} Qxa8 {[%clk 0:01:29]} 30. Qc3 {[%clk 0:01:12]} Kf7
{[%clk 0:01:30]} 31. g4 {[%clk 0:01:13]} Qa2 {[%clk 0:01:26]} 32. Kg3
{[%clk 0:01:13]} h5 {[%clk 0:01:21]} 33. g5 {[%clk 0:01:09]} Bf5 {[%clk 0:01:21]}
34. gxf6 {[%clk 0:00:52]} Bh6 35. Ne1 {[%clk 0:00:50]} g5 {[%clk 0:01:13]} 36.
Ng2 {[%clk 0:00:48]} g4 {[%clk 0:01:06]} 37. fxg4 {[%clk 0:00:43]} Be4
{[%clk 0:00:54]} 38. Qb2 {[%clk 0:00:44]} Qxb2 {[%clk 0:00:29]} 39. Bxb2
{[%clk 0:00:45]} hxg4 {[%clk 0:00:30]} 40. Nf4 {[%clk 0:00:38]} Bf3
{[%clk 0:00:32]} 41. Bd4 {[%clk 0:00:36]} Bf8 {[%clk 0:00:30]} 42. Nd3
{[%clk 0:00:33]} Be2 {[%clk 0:00:19]} 43. Nf2 {[%clk 0:00:34]} Ke6
{[%clk 0:00:13]} 44. Nxg4 {[%clk 0:00:34]} Kf5 {[%clk 0:00:14]} 45. Nf2
{[%clk 0:00:27]} Bh5 {[%clk 0:00:16]} 46. Nh3 {[%clk 0:00:28]} Bh6
{[%clk 0:00:09]} 47. Nf2 {[%clk 0:00:24]} Bf8 {[%clk 0:00:09]} 48. Nd3
{[%clk 0:00:24]} Ke4 {[%clk 0:00:06]} 49. Ne5 {[%clk 0:00:22]} Bh6
{[%clk 0:00:06]} 50. Ng4 {[%clk 0:00:18]} Bf8 {[%clk 0:00:07]} 51. Nf2+
{[%clk 0:00:11]} Kf5 {[%clk 0:00:08]} 52. Kg2 {[%clk 0:00:11]} Be2
{[%clk 0:00:07]} 53. Kh3 {[%clk 0:00:10]} Bh6 {[%clk 0:00:08]} 54. Kg3
{[%clk 0:00:11]} Bf8 {[%clk 0:00:09]} 55. Nh3 {[%clk 0:00:12]} Bh6 56. Ng1
{[%clk 0:00:14]} Bg4 {[%clk 0:00:11]} 57. Nf3 {[%clk 0:00:15]} Bh5
{[%clk 0:00:07]} 58. Ne5 {[%clk 0:00:16]} Ke4 {[%clk 0:00:08]} 59. Kf2
{[%clk 0:00:14]} Bf8 {[%clk 0:00:05]} 60. Nxc6 {[%clk 0:00:14]} Be8
{[%clk 0:00:04]} 61. Nd8 {[%clk 0:00:14]} Bd7 {[%clk 0:00:03]} 62. h5
{[%clk 0:00:15]} c6 {[%clk 0:00:03]} 63. Nf7 {[%clk 0:00:14]} Kf5
{[%clk 0:00:04]} 64. h6 {[%clk 0:00:15]} Kg6 {[%clk 0:00:06]} 65. Ne5+
{[%clk 0:00:16]} 1-0

[Event "Team Championship Russia (Blitz, Men)"]
[Site "Sochi"]
[Date "2018.10.10"]
[Round "8.9"]
[White "Paravyan, David"]
[Black "Alekseenko, Kirill"]
[Result "1-0"]
[BlackElo "2613"]
[WhiteElo "2634"]
[LiveChessVersion "1.4.8"]

1. d4 {[%clk 0:03:03]} d5 {[%clk 0:03:04]} 2. Nf3 {[%clk 0:03:04]} Nf6
{[%clk 0:03:05]} 3. g3 {[%clk 0:03:06]} g6 {[%clk 0:03:01]} 4. Bg2
{[%clk 0:03:04]} Bg7 {[%clk 0:03:02]} 5. O-O {[%clk 0:02:59]} O-O
{[%clk 0:03:03]} 6. c3 {[%clk 0:03:00]} Nbd7 {[%clk 0:03:03]} 7. c4
{[%clk 0:02:35]} dxc4 {[%clk 0:02:57]} 8. Na3 {[%clk 0:02:31]} Nb6
{[%clk 0:02:53]} 9. h3 {[%clk 0:02:12]} c6 {[%clk 0:02:53]} 10. Ne5
{[%clk 0:02:12]} Be6 {[%clk 0:02:53]} 11. e4 {[%clk 0:02:07]} Qc8
{[%clk 0:02:46]} 12. Kh2 {[%clk 0:02:07]} Rd8 {[%clk 0:02:47]} 13. Re1
{[%clk 0:01:45]} Nfd7 {[%clk 0:02:28]} 14. Nf3 {[%clk 0:01:44]} Nc5
{[%clk 0:02:23]} 15. Be3 {[%clk 0:01:36]} Nxe4 {[%clk 0:02:20]} 16. Qc2
{[%clk 0:01:34]} Bf5 {[%clk 0:02:17]} 17. g4 {[%clk 0:01:22]} Bxg4
{[%clk 0:01:33]} 18. hxg4 {[%clk 0:01:17]} Qxg4 {[%clk 0:01:31]} 19. Ne5
{[%clk 0:01:05]} Bxe5+ {[%clk 0:01:02]} 20. dxe5 {[%clk 0:01:06]} Ng5
{[%clk 0:00:49]} 21. Qe2 {[%clk 0:01:06]} Qh4+ {[%clk 0:00:50]} 22. Kg1
{[%clk 0:01:07]} Nh3+ {[%clk 0:00:39]} 23. Kf1 {[%clk 0:01:09]} Nf4
{[%clk 0:00:37]} 24. Bxf4 {[%clk 0:01:10]} Qxf4 {[%clk 0:00:38]} 25. Rad1
{[%clk 0:01:09]} h5 {[%clk 0:00:38]} 26. Qe4 {[%clk 0:00:48]} Qxe4
{[%clk 0:00:35]} 27. Bxe4 {[%clk 0:00:50]} Kg7 {[%clk 0:00:33]} 28. Ke2
{[%clk 0:00:50]} f6 {[%clk 0:00:31]} 29. f4 {[%clk 0:00:47]} fxe5
{[%clk 0:00:19]} 30. Rg1 {[%clk 0:00:40]} Rxd1 {[%clk 0:00:18]} 31. Rxg6+
{[%clk 0:00:39]} Kf7 {[%clk 0:00:19]} 32. Kxd1 {[%clk 0:00:40]} Rd8+
{[%clk 0:00:20]} 33. Ke2 {[%clk 0:00:37]} Rd4 {[%clk 0:00:21]} 34. Bc2
{[%clk 0:00:33]} exf4 {[%clk 0:00:18]} 35. Rh6 {[%clk 0:00:33]} e5
{[%clk 0:00:19]} 36. Rxh5 {[%clk 0:00:33]} e4 {[%clk 0:00:20]} 37. Rf5+
{[%clk 0:00:34]} Ke6 {[%clk 0:00:22]} 38. Rxf4 {[%clk 0:00:34]} Ke5
{[%clk 0:00:21]} 39. Rf7 {[%clk 0:00:35]} Nd5 {[%clk 0:00:22]} 40. Rxb7
{[%clk 0:00:29]} Nf4+ {[%clk 0:00:23]} 41. Ke3 {[%clk 0:00:27]} Nd5+
{[%clk 0:00:24]} 42. Ke2 {[%clk 0:00:26]} Nf4+ {[%clk 0:00:24]} 43. Ke1
{[%clk 0:00:26]} Ng2+ {[%clk 0:00:19]} 44. Kf1 {[%clk 0:00:24]} Rd2
{[%clk 0:00:16]} 45. Re7+ {[%clk 0:00:25]} Kf4 {[%clk 0:00:17]} 46. Bxe4
{[%clk 0:00:10]} Ne3+ {[%clk 0:00:16]} 47. Ke1 {[%clk 0:00:11]} Rxb2
{[%clk 0:00:17]} 48. Bxc6 {[%clk 0:00:10]} c3 {[%clk 0:00:13]} 49. Re4+
{[%clk 0:00:10]} Kf3 {[%clk 0:00:05]} 50. Rb4+ {[%clk 0:00:11]} Kg3
{[%clk 0:00:06]} 51. Rxb2 {[%clk 0:00:12]} cxb2 {[%clk 0:00:08]} 52. Be4
{[%clk 0:00:08]} Kf4 {[%clk 0:00:09]} 53. Bb1 {[%clk 0:00:09]} Ke5
{[%clk 0:00:09]} 54. Kd2 {[%clk 0:00:10]} Nd5 {[%clk 0:00:10]} 55. Kc2
{[%clk 0:00:09]} Kd4 {[%clk 0:00:10]} 56. Kxb2 {[%clk 0:00:09]} Kc5
{[%clk 0:00:10]} 57. Kb3 {[%clk 0:00:10]} Ne3 {[%clk 0:00:09]} 58. Be4
{[%clk 0:00:10]} Ng4 {[%clk 0:00:10]} 59. Nc2 {[%clk 0:00:10]} Nf6
{[%clk 0:00:11]} 60. Bf3 {[%clk 0:00:12]} Nd7 {[%clk 0:00:12]} 61. Kc3
{[%clk 0:00:12]} Nb6 {[%clk 0:00:13]} 62. Be2 {[%clk 0:00:13]} Nd5+
{[%clk 0:00:13]} 63. Kb3 {[%clk 0:00:14]} Nf4 {[%clk 0:00:12]} 64. Bf1
{[%clk 0:00:15]} Ne6 {[%clk 0:00:13]} 65. Bc4 {[%clk 0:00:16]} Ng5
{[%clk 0:00:13]} 66. Bd3 {[%clk 0:00:17]} Ne6 {[%clk 0:00:14]} 67. Kc3
{[%clk 0:00:18]} Nc7 {[%clk 0:00:15]} 68. Nb4 {[%clk 0:00:18]} Kb6
{[%clk 0:00:05]} 69. Kc4 {[%clk 0:00:19]} Ne6 {[%clk 0:00:04]} 70. Bf5
{[%clk 0:00:18]} Nd8 {[%clk 0:00:04]} 71. Nd5+ {[%clk 0:00:13]} Kb7
{[%clk 0:00:05]} 72. Kc5 {[%clk 0:00:13]} Nf7 {[%clk 0:00:05]} 73. Be4
{[%clk 0:00:14]} Kb8 {[%clk 0:00:06]} 74. Nb4 {[%clk 0:00:14]} Ng5
{[%clk 0:00:06]} 75. Na6+ {[%clk 0:00:14]} Kc8 {[%clk 0:00:08]} 76. Bc6
{[%clk 0:00:14]} Nf7 {[%clk 0:00:08]} 77. a4 {[%clk 0:00:14]} Ne5
{[%clk 0:00:10]} 78. Bb5 {[%clk 0:00:13]} Kb7 {[%clk 0:00:10]} 79. Nb4
{[%clk 0:00:14]} Ng6 {[%clk 0:00:06]} 80. Bc6+ {[%clk 0:00:15]} Kc7
{[%clk 0:00:07]} 81. Nd5+ {[%clk 0:00:15]} Kb8 {[%clk 0:00:08]} 82. Kd6
{[%clk 0:00:14]} Nh4 {[%clk 0:00:09]} 83. Ne3 {[%clk 0:00:14]} Ng6
{[%clk 0:00:09]} 84. Ng2 {[%clk 0:00:12]} Kc8 {[%clk 0:00:09]} 85. Be4
{[%clk 0:00:12]} Nh8 {[%clk 0:00:06]} 86. Ke7 {[%clk 0:00:13]} Kc7
{[%clk 0:00:08]} 87. Kf6 {[%clk 0:00:12]} 1-0